UBT Library

Dynamik sozialen Verhaltens : (Record no. 215)

000 -LEADER
fixed length control field 00639cam a2200205 i 4500
005 - DATE AND TIME OF LATEST TRANSACTION
control field 20131030094827.0
008 - FIXED-LENGTH DATA ELEMENTS--GENERAL INFORMATION
fixed length control field 750619s1975 gw a b 000 0 ger
020 ## - INTERNATIONAL STANDARD BOOK NUMBER
International Standard Book Number 3428032985 :
041 0# - LANGUAGE CODE
Language code of text/sound track or separate title ger
080 ## - UNIVERSAL DECIMAL CLASSIFICATION NUMBER
Universal Decimal Classification number 316.343
Common auxiliary subdivision (31)
100 1# - Rafti
Rafti Mayer, Klaus Wolfgang.
245 10 - TITLE STATEMENT
Title Dynamik sozialen Verhaltens :
Statement of responsibility, etc von Klaus W. Mayer.
260 ## -
-- Berlin :
-- Duncker und Humblot,
-- 1975.
300 ## -
-- 124 p. :
-- ill. ;
-- 24 cm.
500 ## -
-- Einleitung : f. [9] - 16
504 ## - BIBLIOGRAPHY, ETC. NOTE
Bibliography, etc Bibliography: p. [120]-124.
650 #0 -
-- Psikologjia sociale
650 #0 -
-- Shkencat shoqërore
-- Hulumtim
942 ## - ADDED ENTRY ELEMENTS (KOHA)
Source of classification or shelving scheme
Item type Books
Holdings
Withdrawn status Lost status Source of classification or shelving scheme Damaged status Not for loan Collection code Permanent location Current location Shelving location Date acquired Total Checkouts Full call number Barcode Date last seen Koha item type
          Koleksioni i përgjithshem UBT - Prishtine UBT - Prishtine Koleksioni i përgjithshem 10/30/2013   316.343(31) MAY 001-000246 10/30/2013 Books
UBT Library © 2015-2024. All rights reserved University Education for Business and Technology